Na obranu republiky přemístění československého zbrojního průmyslu na Moravu a Slovensko v letech 1936-1938

Bibliographic Details
Main Author: Zavadil, Radomír, 1964- (Author)
Format: Book
Language:Czech
PhysicalDescription:172 strán, 40 nečíslovaných strán obrazových príloh faksimile, fotografie (niektoré farebné), plány 25 cm
Published: Praha Euromedia Group 2021
ISBN:9788024271491
Edition:Vydání první
Series:Universum (Euromedia)
Subjects:

MARC

LEADER 00000cam a2200000 4500
001 vtls012017637
003 SK-MaSNL
005 20260425231202.0
008 210311s2021 xr hoe g n 000 0 cze
015 |a SNBZSA2023/09 
020 |a 9788024271491  |q (viazané) 
040 |a SNK  |b slo  |c SNK  |e rda 
041 0 |a cze 
043 |a e-cs---  |a e-xr---  |a e-xo--- 
044 |a xr  |c CZ 
072 7 |a 355/359  |x Vojenstvo. Obrana krajiny. Ozbrojené sily  |2 konspekt 
072 7 |a 94(437)  |x Dejiny Československa  |2 konspekt 
080 |a 355:338.45  |2 2011 
080 |a 338.45  |2 2011 
080 |a 334.716  |2 2011 
080 |a 355.45  |2 2011 
080 |a (437)  |2 2011 
080 |a (437.32)  |2 2011 
080 |a (437.6)  |2 2011 
080 |a (048.8)  |2 2011 
100 1 |a Zavadil, Radomír,  |d 1964-  |4 aut  |9 207179 
245 1 0 |a Na obranu republiky  |b přemístění československého zbrojního průmyslu na Moravu a Slovensko v letech 1936-1938  |c Radomír Zavadil 
246 3 0 |a Přemístění československého zbrojního průmyslu na Moravu a Slovensko v letech 1936-1938 
250 |a Vydání první 
264 1 |a Praha  |b Euromedia Group  |c 2021 
300 |a 172 strán, 40 nečíslovaných strán obrazových príloh  |b faksimile, fotografie (niektoré farebné), plány  |c 25 cm 
336 |a text  |b txt  |2 rdacontent 
337 |a bez média  |b n  |2 rdamedia 
338 |a zväzok  |b nc  |2 rdacarrier 
490 1 |a Universum 
500 |a Obsahuje poznámky a zoznam skratiek 
500 |a V tiráži: Vydala Euromedia Group, a. s. v edici Universum 
504 |a Obsahuje bibliografiu na strane 168-172, bibliografické odkazy 
648 7 |a 20. storočie  |2 SNKPH  |9 278343 
648 7 |a 1918-1938  |2 SNKPH  |9 280690 
648 7 |a 1936-1938  |2 SNKPH  |9 442274 
650 0 7 |a zbrojársky priemysel  |2 SNKPH  |9 79523 
650 0 7 |a obranný priemysel  |2 SNKPH  |9 72983 
650 0 7 |a priemyselná výroba  |2 SNKPH  |9 72943 
650 0 7 |a priemyselné podniky  |2 SNKPH  |9 2346 
650 0 7 |a obrana štátu  |2 SNKPH  |9 15422 
650 0 7 |a Defence industries  |2 SNKPHeng  |9 345829 
650 0 7 |a Industrial production  |2 SNKPHeng  |9 361865 
650 0 7 |a Industrial enterprises  |2 SNKPHeng  |9 265454 
650 0 7 |a State defence  |2 SNKPHeng  |9 312936 
651 7 |a Československo  |2 SNKPHgeo  |9 21376 
651 7 |a Morava (Česko)  |2 SNKPHgeo  |9 213805 
651 7 |a Slovensko  |2 SNKPHgeo  |9 14231 
651 7 |a Czechoslovakia  |2 SNKPHeng  |9 265183 
651 7 |a Moravia (Czechia)  |2 SNKPHeng  |9 208233 
651 7 |a Slovakia  |2 SNKPHeng  |9 92630 
655 7 |a monografie  |2 SNKPH  |9 70139 
655 7 |a Monographs  |2 SNKPHeng  |9 120675 
830 0 |a Universum (Euromedia)  |9 442275 
852 |a Slovenská národná knižnica 
919 |a 978-80-242-7149-1 
954 |a odborná, vedecká literatúra cudzojazyčná (svetová)  |2 lita 
958 |a ZS 
958 |a NB 
999 |c 697207  |d 699137 
952 |a SNK  |b SNK  |y PREZ  |7 0  |p 17A1518343  |o snkSC 201001  |i snk2023/2695  |8 4  |g 14.10  |0 0  |1 0  |4 0  |d 2022-01-31  |l 0  |r 2025-10-23 00:00:00  |w 2026-02-23